000 00823nam a2200229 a 4500
001 21878
003 CO-ViMGA
008 141112s2004 ck r 000 u spa d
020 _a9588109973
040 _aCO-ViMGA
_bspa
_cCO-ViMGA
082 0 4 _a323.042 L663c
100 1 _aLópez Borbón, Liliana
_931244
245 1 0 _aConstuir ciudadania desde la cultura :
_bAproximaciones comunicativas al programa de cultura ciudadana (Bogotá, 1995 - 1997)
260 _aBogotá :
_bAlcaldía mayor; 2003
300 _a170
590 _aForma de adquisición : Donación - - Precio : 10000 - - Fecha de adquisición : Julio 2007
650 1 4 _aCIUDADANIA
_922535
650 1 4 _aORGANIZACION DE LA COMUNIDAD
650 1 4 _aPARTICIPACION CIUDADANA - Bogotá (COLOMBIA)
_931245
650 1 4 _aVIDA EN COMUNIDAD
_927889
942 _2ddc
_cBK
999 _c30422
_d30422